Word Ladder: Hello...Newman Quiz Stats

Quiz Updated Jun 27, 2016

Challenge
Share
Tweet
Embed
Score 0/10 Timer 01:00
0 Plays Today
Clue 4-Letter Answer % Correct
Beard locationCHIN
97.6%
A penny, for exampleCOIN
96.7%
It's at the center of the EarthCORE
96.5%
When popped, a delicious snackCORN
95.9%
A warning cry in golfFORE
95.3%
Harrison or Gerald, for exampleFORD
95%
Area between the knee and ankleSHIN
95%
To bend paper over on itselfFOLD
94.6%
●Île-de-____, a French island in the Atlantic Ocean●
OR the first part of an NBC show from 1989 to 1998
● SEIN ●
41.2%
●___ Entertainment Inc. - owner of Ringling Bros. and Barnum & Bailey Circus●
OR the second part of an NBC show from 1989 to 1998
● FELD ●
40.3%

Today's Daily Dose

Missing Word
The Killers Songs

Word Ladder
1967 Film

Quick Pick
Flag Names

On This Day
February 24th II

You're not logged in!

Compare scores with friends on all Sporcle quizzes.
Sign Up with Email
OR
Log In

You Might Also Like...

Show Comments

Extras

Top Quizzes Today


Score Distribution

Your Account Isn't Verified!

In order to create a playlist on Sporcle, you need to verify the email address you used during registration. Go to your Sporcle Settings to finish the process.